| 000 | 00868pam a2200277 a 4500 | ||
|---|---|---|---|
| 008 | |||
| 020 | _a033349508X (paperback) | ||
| 040 |
_aNUST _cNUST |
||
| 049 | _aMAIN | ||
| 090 |
_aHD75 _bWEB |
||
| 100 | 1 |
_aWebster, Andrew., _aauthor. |
|
| 245 | 1 | 0 |
_aIntroduction to the sociology of development / _cAndrew Webster. |
| 250 | _aSecond edition. | ||
| 260 |
_aLondon : _bPalgrave, _cc1990. |
||
| 300 |
_axiii, 224 pages : _billustrations ; _c22 cm. |
||
| 336 |
_atext _btxt _2rdacontent |
||
| 337 |
_aunmediated _bn _2rdamedia |
||
| 338 |
_avolume _bnc _2rdacarrier |
||
| 500 | _aIncludes index. | ||
| 504 | _aIncludes bibliographical references. | ||
| 650 |
_aEconomic development _xSociological aspects. |
||
| 907 |
_a.b10311713 _b12-04-22 _c02-04-12 |
||
| 003 | |||
| 005 | 20230123125422.0 | ||
| 942 |
_cBOOKS _kHD75 _mWEB |
||
| 999 |
_c141173 _d141173 |
||